The Winter's tale
| Main Author: | |
|---|---|
| Other Authors: | |
| Format: | Book |
| Published: |
London :
Routledge ,
1991
|
| Series: | The Arden Shakespeare
|
| Subjects: |
MARC
| LEADER | 00000cam a2200000 7i4500 | ||
|---|---|---|---|
| 001 | 0000001664 | ||
| 002 | 000001814 | ||
| 005 | 20000330.0 | ||
| 020 | |a 0415027101 | ||
| 090 | 0 | 0 | |a 822.33 |b SHA |
| 100 | 1 | |a Shakespeare, William | |
| 245 | 1 | 4 | |a The Winter's tale |c William Shakespeare ; edited by J.H.Pafford |
| 260 | |a London : |b Routledge , |c 1991 | ||
| 300 | |a 225 p. ; |c 20 cm. | ||
| 490 | 0 | |a The Arden Shakespeare | |
| 650 | 0 | 0 | |a Winter's tale |x Drama |
| 700 | 1 | |a Pafford, J.H.P | |
| 999 | |a 034069 |b BUKU |c PINJAMAN |e PERPUSTAKAAN KOMUNITI PETALING JAYA | ||